Tennis - Vainqueurs de la Coupe Davis depuis 1981 - Statistiques

Statistiques générales
  • Ce quiz a été pris 827 fois
    719 depuis la dernière actualisation
  • Le résultat moyen est 33 sur 37
Statistiques - réponses
Année Vainqueur % Correct
2000 Espagne
100%
2004 Espagne
100%
2008 Espagne
100%
2009 Espagne
100%
2011 Espagne
100%
1991 France
100%
1996 France
100%
2001 France
100%
2017 France
100%
1981 Etats-Unis
97%
1982 Etats-Unis
97%
1990 Etats-Unis
97%
1992 Etats-Unis
97%
1995 Etats-Unis
97%
2007 Etats-Unis
97%
2014 Suisse
95%
2010 Serbie
92%
1988 Allemagne
90%
1989 Allemagne
90%
1993 Allemagne
90%
2002 Russie
90%
2006 Russie
90%
1983 Australie
89%
1986 Australie
89%
1999 Australie
89%
2003 Australie
89%
1984 Suède
89%
1985 Suède
89%
1987 Suède
89%
1994 Suède
89%
1997 Suède
89%
1998 Suède
89%
2016 Argentine
86%
2005 Croatie
75%
2012 République Tchèque
54%
2013 République Tchèque
54%
2015 Grande-Bretagne
37%
Aucun quiz correspondant
Distribution des résultats
% des personnes avec chaque résultat
Percentile par nombre de réponses
Votre historique - résultats
Vous n’avez pas pris ce quiz depuis la dernière actualisation